000 01073cam a22002651i 4500
003 SA-RiAUC
005 20250603113737.0
008 250603s1997 su g 00000 ara c
040 _aSA-RiAUC
_bara
_cSA-RiAUC
_erda
082 0 4 _a253.1
_qSA-RiAUC
090 _a253.1
_b ا ب و غ
100 1 _aأبو غدة، عبد الستار،
_d1940-2020
_eمؤلف.
245 1 0 _aأوفوا بالعقود :تعريف مبسط بأهم أحكام عقود المعاملات المالية /
_cإعداد عبد الستار أبو غدة.
246 3 0 _aعقود المعاملات المالية
250 _aالطبعة الأولى.
264 1 _aجدة :
_bمجموعة دلة البركة،
_c1997
300 _a160 صفحة ؛
_c24 سم
336 _aنص
_btxt
_2rdacontent
_3كتاب
337 _aبدون وسيط
_bn
_2rdamedia
338 _aمجلد
_bnc
_2rdacarrier
650 7 _aالعقود (فقه إسلامي)
_2aucsh
650 7 _aالمعاملات (فقه إسلامي)
_2aucsh
942 _2ddc
_cBOOK
_n0
949 _aSA-JeALM
_d250603
_umohamedma123
_n1
999 _c8689
_d8689